| 000 | 00615nam a22001817a 4500 | ||
|---|---|---|---|
| 005 | 20130530124146.0 | ||
| 010 | _a ENG-107187 | ||
| 020 |
_a9788125047063 _c425.00 |
||
| 035 | _aEN-90720 | ||
| 037 | _bDBAD/PUB | ||
| 082 | 0 | 0 |
_a954.14042 _222 |
| 100 | 1 | _aBandyopadhyay, Sekhar | |
| 245 | 1 | 0 |
_aDecolonization in South Asia : _bmeanings of freedom in post-independence West Bengal, 1947-52 / _cby Sekhar Bandyopadhyay |
| 260 |
_aHyderabad _bOrient Blackswan _c2012 |
||
| 300 |
_ax,254p. _c24cm(pbk) |
||
| 500 | _aIncludes bibliographical references and index. | ||
| 942 |
_2ddc _cEN _h954.14042 _mBAN |
||
| 999 |
_c75730 _d75730 |
||